000 00905nam a22002777a 4500
001 3566
003 FISKH
005 20240320144046.0
008 240320b cb ||||| |||| 00| 0 eng d
020 _a9781595152701
040 _aFISKH
_beng
_cFISKH
_dFISKH
050 _aQL561.D3
082 _a595.78
100 _aGillis, Jennifer Blizin
_eauthor
245 _aLife cycle of a monach butterfly /
_cby Jennifer Blizin Gillis
260 _aFlorida :
_bRourke Classroom Resources ,
_c2004
300 _a16 pages :
_bcolor illustrations ;
_c20 cm .
490 _aReaders for Writers (Fluent)
505 _aM
520 _aDescribes The Life Cycle Of A Butterfly And How It Moves From One Stage To The Next.
521 8 _a560
_bLexile
521 8 _aM
_bRaz-Plus
650 _abutterflies
_vNon-fiction
700 _aFreeman, Marcia S.
_econsulting editor
942 _2ddc
_cBK
_n0
999 _c3566
_d3566